MARC

LEADER 00000nam0a2200000 4500
001 127441
005 20231031132241.0
010 |a 5270006596 
020 |a RU  |b 88-20284 
035 |a (RuTPU)RU\TPU\book\137866 
090 |a 127441 
100 |a 20071214d1988 m y0rusy5003 ca 
101 0 |a rus 
102 |a RU 
105 |a y z 000ay 
200 1 |a Экспансия-I  |e Роман  |f Ю. С. Семенов 
210 |a Москва  |c Современник  |d 1988 
215 |a 572,[1] с.  |d 22 см 
610 0 |a Разведка и контрразведка (х. л.) 
610 0 |a советская литература 
610 0 |a романы 
675 |a Р2  |z rus 
700 1 |a Семенов  |b Ю. С.  |g Юлиан Семенович  |4 070 
801 0 |a RU  |b RuMRKP  |c 19950417  |g psbo 
801 1 |a RU  |b 63413507  |c 20071214  |g PSBO 
801 2 |a RU  |b 63413507  |c 20201118  |g PSBO 
942 |c BK